000 01620cam a22004335a 4500
001 14683324
003 SISC
005 20160830140243.0
008 061229r20061942nyua c 000 1 eng
010 _a 2006287711
020 _a014032464X
040 _aDLC
_cDLC
_dDLC
042 _alcac
043 _ae-uk---
050 0 0 _aPZ 7
_b.G778 1988
082 0 0 _aKF
_bG79a 1987
100 1 _aGray, Elizabeth Janeth,
_d1902-1999.
_94605
245 1 0 _aAdam of the road /
_cby Elizabeth Janet Gray; illustrated by Robert Lawson.
260 _aNew York :
_bPuffin Books,
_cc1988.
300 _a317 p. :
_bill. ;
_c20 cm.
490 0 _aPuffin modern classics
500 _aMap on lining-papers.
500 _aFirst published by The Viking Press in 1942.
520 _aThe adventures of eleven-year-old Adam as he travels the open roads of thirteenth-century England searching for his missing father, a minstrel, and his stolen red spaniel, Nick.
562 _e3
586 _aNewbery Medal, 1943.
650 _aMinstrels
_xFiction
_94606
650 _aMiddle ages
_xFiction
_94607
651 0 _aGreat Britain
_xHistory
_yPlantagenets, 1154-1399
_vJuvenile fiction.
_94608
651 1 _aGreat Britain
_xHistory
_yPlantagenets, 1154-1399
_vFiction.
_94609
700 1 _aLawson, Robert,
_d1892-1957,
_eill.
_94610
856 4 2 _3Publisher description
_uhttp://www.loc.gov/catdir/enhancements/fy1204/2006287711-d.html
906 _a7
_bcbc
_corigcop
_d2
_encip
_f20
_gy-gencatlg
942 _2lcc
_cBK
999 _c7913
_d7913